Un Viaje al Pasado de las civilizaciones Tiahuanaco e Inka, mediante antiguas tarjetas postales / (Record no. 23146)

000 -CABECERA
fixed length control field 00972nam a22002537i 4500
003 - IDENTIFICADOR DEL NÚMERO DE CONTROL
control field AR-CdUCM
008 - DATOS DE LONGITUD FIJA--INFORMACIÓN GENERAL
fixed length control field 241212b20212021 pe||||| |||| 00| 0 spa d
020 ## - NÚMERO INTERNACIONAL ESTÁNDAR DEL LIBRO
ISBN 978-612-48613-0-7
040 ## - FUENTE DE LA CATALOGACIÓN
Agencia/entidad que catalogó originalmente la obra MUNICIPALIDAD PROVINCIAL DEL CUSCO
Entidad que transcribió la catalogación BIBLIOTECA MUNICIPAL DEL CUSCO
082 ## - NÚMERO DE LA CLASIFICACIÓN DECIMAL DEWEY
No. de Clasificación 770.9 / R84
Notacion interna R84
100 ## - ENTRADA PRINCIPAL--NOMBRE DE PERSONA
Nombre Personal Rosadzinski, Marcin
245 ## - MENCIÓN DE TÍTULO
Título Un Viaje al Pasado de las civilizaciones Tiahuanaco e Inka, mediante antiguas tarjetas postales /
260 ## - PUBLICACIÓN, DISTRIBUCIÓN, ETC.
Lugar de publicación, distribución, etc. Cusco :
Nombre de la editorial, distribuidor, etc. IncArt Cusco E.I.R.L.
Fecha de publicación, distribución, etc. 2021
300 ## - DESCRIPCIÓN FÍSICA
Nº de Páginas Extensión 256 páginas. :
Dimensiones 30 cm.
500 ## - NOTA GENERAL
Bibliografía Bibliografía: página 156
505 ## - NOTA DE CONTENIDO CON FORMATO
Nota de contenido formateada Tiahuanaco, predecesora cultural de la civilización Inka, y el lago Titicaca -- La gran civilización Inka y el valle sagrado -- Qosqo, la ciudad capital sagrada de los Inkas
650 ## - PUNTO DE ACCESO ADICIONAL DE MATERIA--TÉRMINO DE MATERIA
Descriptor Fotografía
9 (RLIN) 4511
650 ## - PUNTO DE ACCESO ADICIONAL DE MATERIA--TÉRMINO DE MATERIA
Descriptor Tiahuanaco
9 (RLIN) 39399
650 ## - PUNTO DE ACCESO ADICIONAL DE MATERIA--TÉRMINO DE MATERIA
Descriptor Inka
9 (RLIN) 630
650 ## - PUNTO DE ACCESO ADICIONAL DE MATERIA--TÉRMINO DE MATERIA
Descriptor Puno
9 (RLIN) 3897
942 ## - ELEMENTOS DE PUNTO DE ACCESO ADICIONAL (KOHA)
Fuente de clasificación
Tipo de item Libros-BMC
945 ## - PROCESAMIENTO DE INFORMACIÓN LOCAL (OCLC)
Catalogador pbj
AAAA-MM-DD - Fecha de ingreso o modificacion 12-12-2024
Holdings
Estado de retiro (separado) Fuente de clasificación o esquema de estanterías Estado dañado Ubicación Sala donde se ubica Nombre de la colección Fecha de adquisición o compra Fuente de adquisición Costo, precio normal en soles Signatura topográfica Código de Barras Última vez visto (Koha) Tipo de ítem (Koha)
No     Sala Artes Sala Artes Book Cart 2024-12-12 Donación 15.00 770.9 / R84 SA0000000755 2024-12-12 Libros-BMC

Powered by Koha